ბათუმის შოთა რუსთაველის სახელმწიფო უნივერსიტეტის ბიბლიოთეკა

იმპიჩმენტი ამერიკის შეერთებულ შტატებში (კონსტიტუციური დილემები) = Impeachment in the United States of America (constitutional dilemmas) / (ბიბ.ჩანაწერი № 50703)

000 -ლიდერი
ფიქსირებული სიგრძის საკონტროლო ველი 01323nam a2200265Ia 4500
001 - საკონტროლო ნომერი
საკონტროლო ველი 17654
003 - საკონტროლო ნომრის იდენტიფიკატორი
საკონტროლო ველი GE_BSU
005 - ბოლო ოპერაციის თარიღი და დრო
საკონტროლო ველი 20200220170546.0
008 - ფიქსირებული სიგრძის მონაცემთა ელემენტები - ზოგადი ინფორმაცია
ფიქსირებული სიგრძის საკონტროლო ველი 181216s2013 xx |||||||||||||| ||geo||
020 ## - წიგნის საერთაშორისო სტანდარტული ნომერი
International Standard Book Number 978-9941-17-905-1
040 ## - კატალოგიზაციის წყარო
Transcribing agency GE_BSU
041 ## - ენის კოდი
Language code of text/sound track or separate title geo
080 ## - უნივერსალური ათობითი კლასიფიკაციის ინდექსი
Universal Decimal Classification number 342.529 გ-74
100 ## - მთავარი ჩანაწერი - პიროვნების სახელი
Personal name გოცირიძე, ევა.
9 (RLIN) 203
245 ## - ცნობა სათაურის შესახებ
Title იმპიჩმენტი ამერიკის შეერთებულ შტატებში (კონსტიტუციური დილემები) = Impeachment in the United States of America (constitutional dilemmas) /
Statement of responsibility, etc ევა გოცირიძე ; რედ. ლევან ალექსიძე.
264 ## - წარმოების, გამოცემის, დისტრიბუციის და სხვა ცნობები
გამოცემის, წარმოების, დისტრიბუციის... ადგილი თბილისი :
გამოცემის, წარმოების, დისტრიბუციის... სახელწოდება უნივერსალი,
გამოცემის, წარმოების, დისტრიბუციის... თარიღი 2013.
300 ## - ფიზიკური აღწერა
Extent 307 გვ ;
Other physical details ილ :
Dimensions 24 სმ.
504 ## - BIBLIOGRAPHY, ETC. NOTE
Bibliography, etc ბიბლიოგრ.: გვ. 272-305
546 ## - LANGUAGE NOTE
Language note წინასიტყვ. ინგლ.. - ტექსტი ქართ.
653 ## - INDEX TERM--UNCONTROLLED
Uncontrolled term იმპიჩმენტი ამერიკის შეერთებულ შტატებში
653 ## - INDEX TERM--UNCONTROLLED
Uncontrolled term იმპიჩმენტი
653 ## - INDEX TERM--UNCONTROLLED
Uncontrolled term სამართალი
700 ## - ADDED ENTRY--PERSONAL NAME
Personal name ალექსიძე, ლევან
Relator term რედაქტორი
9 (RLIN) 7295
942 ## - ADDED ENTRY ELEMENTS (KOHA)
Koha item type წიგნი
Source of classification or shelving scheme
ეგზემპლარები
ჩამოწერის სტატუსი დაკარგული ეგზემპლარის სტატუსი კლასიფიკაციის წყარო ან თაროზე გაწყობის სქემა დაზიანების სტატუსი არ გაიცემა მუდმივი მდებარეობა (დაცვის ადგილი) ამჟამინდელი ადგილსამყოფელი თაროზე განთავსების ადგილი შეძენის თარიღი სრული შენახვის შიფრი შტრიხკოდი ბოლო ოპერაციის თარიღი ეგზემპლარის მიმდევრობითი ნომერი (კეტერი?) ფასის ძალაში შესვლის თარიღი ეგზემპლარის სახეობა
          ბათუმის შოთა რუსთაველის სახელმწიფო უნივერსიტეტის მთავარი ბიბლიოთეკა ბათუმის შოთა რუსთაველის სახელმწიფო უნივერსიტეტის მთავარი ბიბლიოთეკა წიგნსაცავი 2018-12-17 342.529 გ-74 45641 2018-12-17 45641 2018-12-17 წიგნი